00543nam a2200205 a 4500001001300000003000900013005001700022008004100039020002300080082002000103100001700123245005600140260003600196300000900232500003500241505001000276650001600286700002000302700001500322nice12345678IN_TiNIC20260116014610.0050524s2003 newa grp 000 0 eng  a8173046 c65000a324.245408bVID aVidal, Denis aViolence and Non-Violenceb Some Hindu Perspectives aNew Delhi bManohar Pub. c2003 a328p aincludes index and biblioraphy2 aIndex aCommunalism1 aGilles Tarabout1 aEric Meyer